| 000 | 00394 a2200169 4500 | ||
|---|---|---|---|
| 001 | 145450 | ||
| 040 | _cLeonardo Da Vinci | ||
| 041 | _aPortuguês | ||
| 082 |
_axxxx A728s _bA728s |
||
| 100 |
_aUZUNIAN, Armênio _aBIRNER, Ernesto |
||
| 245 | _aSexualidade | ||
| 260 |
_bHarbra _c2000 _aSão Paulo |
||
| 300 | _a45 | ||
| 362 | _a20000000 | ||
| 697 |
_aSexualidade _avivências |
||
| 942 | _cBK | ||
| 999 |
_c145450 _d145450 |
||